EUDR alebo ochrana pred odlesňovaním aj z hľadiska obalov
EUDR, alebo nariadenie o odlesňovaní je ďalší doplnok európskej legislatívy, ako dosiahnuť krajšiu a zelenšiu Európu. Článok sa zameriava na jednotlivé ustanovenia nariadenia, a to na aké komodity a spoločnosti sa nariadenie vzťahuje, ich povinnosti, poukazuje na ešte nevyjasnené oblasti, vrátane bl...
Salvato in:
| Autore principale: | |
|---|---|
| Natura: | Capitolo di libro |
| Lingua: | slovacco |
| Soggetti: | |
| Tags: |
Nessun Tag, puoi essere il primo ad aggiungerne!!
|
MARC
| LEADER | 00000naa a2200000 4500 | ||
|---|---|---|---|
| 001 | 0304887 | ||
| 005 | 20241031100353.7 | ||
| 041 | 0 | |a slo | |
| 044 | |a SK | ||
| 245 | 1 | 0 | |a EUDR alebo ochrana pred odlesňovaním aj z hľadiska obalov |c Alexandra Grgulová |
| 520 | |a EUDR, alebo nariadenie o odlesňovaní je ďalší doplnok európskej legislatívy, ako dosiahnuť krajšiu a zelenšiu Európu. Článok sa zameriava na jednotlivé ustanovenia nariadenia, a to na aké komodity a spoločnosti sa nariadenie vzťahuje, ich povinnosti, poukazuje na ešte nevyjasnené oblasti, vrátane bližšieho pohľadu na problematiku obalov. | ||
| 610 | 2 | 0 | |a ochrana lesa |
| 610 | 2 | 0 | |a obaly |
| 610 | 2 | 0 | |a Európska únia |
| 610 | 2 | 0 | |a právo |
| 610 | 2 | 0 | |a legislatíva |
| 610 | 2 | 0 | |a zákony |
| 610 | 2 | 0 | |a prostredie životné |
| 100 | 1 | |a Grgulová, Alexandra | |